| 000 | 00886cam a22002894a 4500 | ||
|---|---|---|---|
| 008 | |||
| 020 | _a0073523615 (pbk.) | ||
| 020 | _a9780073310237 (pbk) | ||
| 049 | _aMAIN | ||
| 090 |
_aRC1210 _bPRE |
||
| 100 | 1 | _aPrentice, William E. | |
| 245 | 1 | 0 |
_aEssentials of athletic injury management / _cWilliam E. Prentice. |
| 246 | 3 | 0 | _aAthletic injury management. |
| 250 | _a7th ed. | ||
| 260 |
_aBoston : _bMcGraw-Hill, _cc2008. |
||
| 300 |
_axx, 627, [22] p. : _bill. (some col.) ; _c24 cm. |
||
| 500 | _aIncludes index. | ||
| 504 | _aIncludes bibliographical references. | ||
| 650 | 0 | _aSports medicine. | |
| 650 | 0 |
_aSports injuries _xPrevention. |
|
| 650 | 0 | _aPhysical education and training. | |
| 907 |
_a.b10293036 _b06-04-22 _c10-03-11 |
||
| 003 | |||
| 005 | 20230123125154.0 | ||
| 040 | _cNUST | ||
| 942 |
_cBOOKS _kRC1210 _mPRE |
||
| 999 |
_c136949 _d136949 |
||